<?xml version="1.0" encoding="UTF-8"?>
<marc:record xmlns:marc="http://www.loc.gov/MARC21/slim">
   <marc:leader>00000nam a2200000 a 4500</marc:leader>
   <marc:datafield ind1="1" ind2=" " tag="100">
      <marc:subfield code="a">Seed, Andy</marc:subfield>
      <marc:subfield code="4">aut</marc:subfield>
      <marc:subfield code="e">Verfasser/-in</marc:subfield>
   </marc:datafield>
   <marc:datafield ind1="0" ind2="0" tag="245">
      <marc:subfield code="a">Wer hat die Nase vorn?</marc:subfield>
   </marc:datafield>
   <marc:datafield ind1="0" ind2="0" tag="245">
      <marc:subfield code="b">die kühnsten, mutigsten und schlauesten Menschen aller Zeiten</marc:subfield>
   </marc:datafield>
   <marc:datafield ind1="0" ind2="0" tag="245">
      <marc:subfield code="c">Andy Seed</marc:subfield>
   </marc:datafield>
   <marc:datafield ind1=" " ind2="1" tag="264">
      <marc:subfield code="a">Zürich</marc:subfield>
      <marc:subfield code="b">Midas</marc:subfield>
      <marc:subfield code="c">2024</marc:subfield>
   </marc:datafield>
   <marc:datafield ind1="1" ind2=" " tag="520">
      <marc:subfield code="a">Wer war toll, toller am tollsten? So macht Geschichte Spaß!&#xD;
Dieses Buch ist voller ungewöhnlicher Geschichten über reiche Herrscherinnen und Herrscher, die ihren Reichtum gern im Übermaß zur Schau stellten, freizügig verteilten oder aber durchaus ungewöhnliche Geschenke empfingen. Es geht um Wissenschaftlerinnen und Wissenschaftler, Erfinderinnen und Erfinder und andere schlaue Menschen, die in ihrem Fach die Nase vorn hatten. Und wir treffen auf Künstlerinnen und Künstler, die für ihre Meisterschaft zu Recht verehrt wurden, sehr oft aber übers Ziel hinausgeschossen sind.&#xD;
&#xD;
Staatsoberhäupter, Künstlerinnen und Künstler -Persönlichkeiten aus der ganzen Weltgeschichte werden mit humorvollen Illustrationen des brillanten Sam Caldwell sehr unterhaltsam in Szene gesetzt.&#xD;
&#xD;
Aus dem Inhalt - Deine Reise durch dieses Buch:&#xD;
Du kannst auf verschiedene Weise durch dieses Buch reisen! Wenn du magst, kannst du das Buch einfach am Anfang beginnen. Oder du springst zu dem Abschnitt mit den Menschen, die du am interessantesten findest - Herrscher, Wissenschaftlerinnen und Kunstschaffende. Oder du hältst Ausschau nach den farbigen Reitern am oberen Seitenrand und siehst dir an, was die Menschen aus den einzelnen Epochen der Geschichte anstellten, um die Nase vorn zu haben.</marc:subfield>
   </marc:datafield>
   <marc:datafield ind1=" " ind2=" " tag="020">
      <marc:subfield code="a">9783038762805</marc:subfield>
      <marc:subfield code="9">9783038762805</marc:subfield>
   </marc:datafield>
   <marc:datafield ind1=" " ind2=" " tag="020">
      <marc:subfield code="a">3038762806</marc:subfield>
      <marc:subfield code="9">3038762806</marc:subfield>
   </marc:datafield>
   <marc:datafield ind1=" " ind2=" " tag="041">
      <marc:subfield code="a">ger</marc:subfield>
   </marc:datafield>
   <marc:datafield ind1=" " ind2=" " tag="300">
      <marc:subfield code="a">64 Seiten</marc:subfield>
   </marc:datafield>
</marc:record>
